Regulation of functional foods and nutraceuticals : (Record no. 24212)

MARC details
000 -LEADER
fixed length control field 00759nam a2200265#a 4500
001 - CONTROL NUMBER
control field 00849
003 - CONTROL NUMBER IDENTIFIER
control field HDC
007 - PHYSICAL DESCRIPTION FIXED FIELD--GENERAL INFORMATION
fixed length control field ta
008 - FIXED-LENGTH DATA ELEMENTS--GENERAL INFORMATION
fixed length control field 230623s2005 xx 000 0 eng d
040 ## - CATALOGING SOURCE
Original cataloging agency HDC
050 ## - LIBRARY OF CONGRESS CALL NUMBER
Classification number TP 370
Item number .R44 2005
245 #0 - TITLE STATEMENT
Title Regulation of functional foods and nutraceuticals :
Remainder of title a global perspective /
Statement of responsibility, etc. edited by Clare M. Hasler.
250 ## - EDITION STATEMENT
Edition statement 1st ed.
264 ## - PRODUCTION, PUBLICATION, DISTRIBUTION, MANUFACTURE, AND COPYRIGHT NOTICE
Place of production, publication, distribution, manufacture [Chicago, Ill.] :
Name of producer, publisher, distributor, manufacturer IFT Press
Date of production, publication, distribution, manufacture, or copyright notice 2005
264 ## - PRODUCTION, PUBLICATION, DISTRIBUTION, MANUFACTURE, AND COPYRIGHT NOTICE
Place of production, publication, distribution, manufacture Ames, Iowa :
Name of producer, publisher, distributor, manufacturer Blackwell Pub.,
300 ## - PHYSICAL DESCRIPTION
Extent xiv,411p. :
Other physical details ill. ;
Dimensions 27cm.
440 ## - SERIES STATEMENT/ADDED ENTRY--TITLE
Title IFT Press series
500 ## - GENERAL NOTE
General note Includes bibliographical references and index.
650 ## - SUBJECT ADDED ENTRY--TOPICAL TERM
Topical term or geographic name entry element Food industry and trade.
700 ## - ADDED ENTRY--PERSONAL NAME
Personal name Hasler, Clare M.
942 ## - ADDED ENTRY ELEMENTS (KOHA)
Source of classification or shelving scheme Library of Congress Classification
942 ## - ADDED ENTRY ELEMENTS (KOHA)
Koha item type Book
942 ## - ADDED ENTRY ELEMENTS (KOHA)
Call number prefix TP 370
942 ## - ADDED ENTRY ELEMENTS (KOHA)
Call number suffix .R44 2005
Holdings
Withdrawn status Lost status Source of classification or shelving scheme Damaged status Not for loan Collection Home library Current library Shelving location Date acquired Total checkouts Full call number Barcode Date last seen Price effective from Koha item type
    Library of Congress Classification     Non-fiction Halal Development Corporation Library Halal Development Corporation Library Open Shelves 17/11/2020   TP 370 .R44 2005 HDC 0000415 24/05/2023 24/05/2023 Book
Halal Development Corporation Berhad (HDC)
5.02 Level 5, KPMG Tower, First Avenue, Persiaran Bandar Utama, 47800 Petaling Jaya, Selangor Darul Ehsan
Phone: +603 7965 5489 Email: [email protected]